000 00691nam a22002297a 4500
005 20170124110213.0
010 _aB-163264
020 _c495.00
_a9780195673500
035 _aB-163264
037 _bCen Lib/Ret
040 _aDPL
_bEN
082 _a954.7
_bCOH
100 _aCohen, Stephen Philip
_938570
245 _aThe idea of Pakistan :
_cby Stephen Philip Cohen
260 _aNew Delhi
_bOxford unversity press
_c2005
270 _bNew Delhi
_aYMCA building, Jai singh road
_e110001
300 _aix,382p.
_c23cm(Hb)
500 _aIncludes index
650 _aPolitical science
_938571
650 _aHistory
_zPakistan
_9437
942 _2ddc
_cEN
_h954.7
_mCOH
999 _c133667
_d133667